| 000 | 00542nam a22001937a 4500 | ||
|---|---|---|---|
| 005 | 20260325134935.0 | ||
| 008 | 260318b xxu||||| |||| 00| 0 eng d | ||
| 020 |
_a978 1 032 82433 8 _cRs.1295.00 |
||
| 040 | _aRBU-Library | ||
| 041 | _aEnglish | ||
| 082 |
_a320.5 _bT125(C) T.L. |
||
| 100 |
_aChakrabarty,Bidyut _91474 |
||
| 245 | _aRabindranath Tagore's ideational universe | ||
| 260 |
_aLondon: _bRoutledge, _c2024 |
||
| 300 | _a231p. | ||
| 650 |
_aTagore, rabindranath,1861-1941 _91472 |
||
| 650 |
_aNationalism _91203 |
||
| 942 | _cBK | ||
| 999 |
_c123458 _d123458 |
||